000 00746nam a2200289Ia 4500
008 170711s9999 xx 000 0 und d
050 _a599.74
050 _bSo685 1990
100 _aSoler, Joelle
245 4 _aThe seal :
245 _bfurry swimmer /
245 _cby Joelle Soler ; photos by Fred Bruemmer.
260 _aNew York :
260 _bReader's Digest,
260 _c1990
300 _a27 pages :
300 _billustrations ;
300 _c25cm.
440 _aReader's digest animal close-ups.
650 _aHarp seal --
650 _aSeals (Animals) --
650 _aSeals (Animals).
650 _xJuvenile literature.
650 _xJuvenile literature.
700 _aBruemmer, Fred.
700 _aTitle.
999 _c339749
_d339749